International law and human rights [Nutshell]

محفوظ في:
التفاصيل البيبلوغرافية
المؤلف الرئيسي: Kapoor,S.K
التنسيق: كتاب
منشور في: Allahabad Central law agency
الموضوعات:
الوسوم: إضافة وسم
لا توجد وسوم, كن أول من يضع وسما على هذه التسجيلة!

MARC

LEADER 00000nam a2200000 4500
005 20260330053932.0
020 |a NA  |c TZS 16,312/= 
040 |a MCCL  |b eng.  |e AACR 2nd rev. ed. 
082 |a 341 KAP 
100 |a Kapoor,S.K 
245 |a International law and human rights [Nutshell]  |c /S.K Kapoor 
260 |a Allahabad  |b Central law agency 
300 |a lii, 974 p. :  |c 23cm 
504 |a Includes index 
546 |a eng. 
650 |a International law 
650 |a Human rights 
650 |a Municipal law 
942 |c BK 
999 |c 12553  |d 12553